| 000 | 00825nam a2200253 4500 | ||
|---|---|---|---|
| 003 | OSt | ||
| 005 | 20260530115304.0 | ||
| 008 | 260424b2008 gw a|||| |||| 00| 0 eng d | ||
| 020 | _a9789057681240 | ||
| 040 |
_aICI _bspa _cICI |
||
| 041 | _aeng | ||
| 050 | 4 |
_aZ250.7 _bL55 2010 |
|
| 100 | 1 |
_aLijklema, Hans, _eautor _931704 |
|
| 245 | 1 | 0 |
_aFree font index 1 / _cHans Lijklema |
| 264 | 1 |
_aAmsterdam : _bThe Pepin Press , _cc2008 |
|
| 300 |
_a319 páginas : _bhojas (algunas a color) _e1 CD-ROM (4 3/4 plg.) |
||
| 336 |
_atexto _2rdacontent |
||
| 337 |
_asin medio _2rdamedia |
||
| 338 |
_avolumen _2rdacarrier |
||
| 650 | 4 |
_aFuentes de computadora _xMuestras _931705 |
|
| 650 | 4 |
_aFuentes de computadora _vCatálogos _931706 |
|
| 650 | 4 |
_aFuentes de computadora _xRecursos en redes de computación _931707 |
|
| 942 |
_2lcc _cBK _n1 |
||
| 999 |
_c13010 _d13010 |
||